000
00289nam a2200133Ia 4500
100
_a
Nunn/ R.V./ Aggarwal/ D.k.
942
_c
BK
654
_a
plumbing
245
_a
Easy home plumbing
260
_b
Galahad books
_a
New York
_c
1976
082
_a
696.1
300
_a
96
546
_a
ENGLISH
999
_c
25158
_d
25158